000 00266nam a22001217a 4500
008 170413b xxu||||| |||| 00| 0 eng d
041 _aeng
080 _a618
100 _a10
101 _ashm
245 _aOBSTETRICS AND GYNECOLOGY
_cPLATT.L.D
942 _2udc
_cBK
999 _c10712
_d10712